| 000 | 00804nam a22002057a 4500 | ||
|---|---|---|---|
| 999 |
_c12678 _d12678 |
||
| 003 | AR-CdUCM | ||
| 008 | 190409b ||||| |||| 00| 0 spa d | ||
| 040 |
_aMUNICIPALIDAD PROVINCIAL DEL CUSCO _cBIBLIOTECA MUNICIPAL DEL CUSCO |
||
| 082 |
_a614 / _bC88 / 1910 |
||
| 100 |
_aCruveilhier, Luis _930665 |
||
| 245 |
_aHigiene popular : _bElementos de higiene personal / |
||
| 260 |
_aBarcelona : _bMaucci, _c1910. |
||
| 300 |
_a223 páginas ; _c18 cm. |
||
| 505 | _aContenido : Introducción -- Definiciones de la higiene -- Leyes fundamentales del organismo humano y de sus funciones esenciales -- La penetración necesaria de un aire vivificante en la sangre ... | ||
| 650 |
_aHigiene _925829 |
||
| 650 |
_aSalud _98684 |
||
| 650 |
_aHumano _9596 |
||
| 942 |
_2ddc _cLIBROS |
||
| 945 |
_arah _d09/04/2019 |
||